000 00317nam a2200145Ia 4500
005 20251222154328.0
008 251222s9999||||xx |||||||||||||| ||spa||
020 _a8401360404
082 _a863/S83
100 _aStraub, Peter
245 0 _aDragón
250 _a1ra.ed.
264 _bPlaza & Janés
942 _cLIB
999 _c34036
_d34036